Random french words - Statistics

General Stats
  • This quiz has been taken 107 times
  • The average score is 10 of 16
Answer Stats
Hint Answer % Correct
lait milk
95%
soleil sun
93%
sac bag
86%
chambre room
84%
arbre tree
84%
piscine pool
78%
canard duck
70%
peinture paint
69%
jupe skirt
66%
ours bear
61%
boîte box
54%
bougie candle
48%
jouet toy
48%
sirène mermaid
39%
sucette lollipop
27%
algue seaweed
18%
No matching quizzes found
Score Distribution
Percent of People with Each Score
Percentile by Number Answered
Your Score History
You have not taken this quiz